आधुनिक भारतीय राजनीतिक चिन्तन; (Record no. 102621)

MARC details
000 -LEADER
fixed length control field 01149nam a22001937a 4500
005 - DATE AND TIME OF LATEST TRANSACTION
control field 20160819163441.0
010 ## - LCCN (DPL NO)
LC control number HIN-108604
020 ## - INTERNATIONAL STANDARD BOOK NUMBER
International Standard Book Number 978935150582
Terms of availability 395.00
037 ## - SOURCE OF ACQUISITION
Source of stock number/acquisition DPL/PUB
082 ## - DEWEY DECIMAL CLASSIFICATION NUMBER
Classification number 320.092
100 ## - MAIN ENTRY--PERSONAL NAME
Personal name चक्रवर्ती, विद्युत
245 ## - TITLE STATEMENT
Title आधुनिक भारतीय राजनीतिक चिन्तन;
Statement of responsibility, etc विद्युत चक्रवर्ती एंव राजेन्द्र कुमार पाण्डेयः गीता चतुर्वेदी द्वारा अनुदित
Remainder of title विचार व संदर्भ/
260 ## - PUBLICATION, DISTRIBUTION, ETC. (IMPRINT)
Place of publication, distribution, etc जयपुर
Name of publisher, distributor, etc रावत पब्लिकेशंस
Date of publication, distribution, etc 2012
270 ## - ADDRESS
Address सत्यम अपार्टमेंट, सैक्टर3, जवाहर नगर
City जयपुर
Postal code 302004
Telephone number 01412651748
300 ## - PHYSICAL DESCRIPTION
Extent xvi,419 पृ.
Dimensions 22 सें.मी.(सजिल्द)
700 ## - ADDED ENTRY--PERSONAL NAME
Personal name पाण्डेय, राजेन्द्र कुमार
9 (RLIN) 48868
700 ## - ADDED ENTRY--PERSONAL NAME
Personal name चतुर्वेदी, गीता
9 (RLIN) 48869
942 ## - ADDED ENTRY ELEMENTS (KOHA)
Source of classification or shelving scheme Dewey Decimal Classification
Item type Hindi Books
Call number suffix चक्रव
Classification part 320.50954
Holdings
Withdrawn status Lost status Not for loan Collection code Home library Current library Date acquired Source of acquisition Cost, normal purchase price Full call number Barcode Copy number Cost, replacement price Koha item type
    Not For Loan Non-fiction D.B.Act.Division Bawana 19/08/2016 DBAD/PUB 395.00 320.50954 चक्रव HN-80950 1 395.00 Hindi Books

© Delhi Public Library
Hit Counter
free hit counter